000 00815nam a2200229 a 4500
001 48519
003 BD-RjUL
005 20211209054534.0
008 160814s1982 bg ||||| |||| 00| 0 ben d
020 _c: Tk. 50.00
035 _a(BD-RjUL)48638
040 _aBD-RjUL
_bben
_cBD-RjUL
041 _aben
082 _223
_a891.4409
_bRAC 1982
100 1 _aরহমান, সিদ্দিকুর
_9146664
245 1 0 _aচেতনার অনুষঙ্গ /
260 _aঢাকা :
_bবাংলা একাডেমী,
_c১৯৮২
300 _a[৮], ৪০৮ পৃ. ;
_c২১ সেমি.
650 _aবাংলা সাহিত্য
_vইতিহাস ও সমালোচনা
_9117445
650 _aBengali Literature
_vHistory and Criticism
_9146665
942 _2ddc
_cBK
999 _c48519
_d48519